Histoire du drapeau de la Nouvelle-Zélande - Statistiques

Statistiques générales
  • Ce quiz a été pris 33 fois
  • Le résultat moyen est 4 sur 5
Statistiques - réponses
Hint Réponse % Correct
Quatrième drapeau de la Nouvelle-Zélande (1902-1907), dominion de la Nouvelle-Zélande (1907-1947) et Nouvelle-Zélande (depuis 1947)
93%
Troisième drapeau de la colonie de la Nouvelle-Zélande (1896-1902)
89%
Premier drapeau de la colonie britannique de la Nouvelle-Zélande (1840-1867)
86%
Deuxième drapeau de la colonie britannique de la Nouvelle-Zélande (1867-1869)
82%
Tribus unies de Nouvelle-Zélande (1835-1840)
79%
Aucun quiz correspondant
Distribution des résultats
% des personnes avec chaque résultat
Percentile par nombre de réponses
Votre historique - résultats
Vous n’avez pas pris ce quiz